00659cam a22001931 4500001001300000003000400013005001700017008004100034010001700075035001900092040004200111042001200153050001700165110003100182245014100213260004400354300001900398650004800417pa 62000001 DLC20260227111855.0770819s1961 dcu br 000 0 eng c apa 62000001  a(OCoLC)3201388 aPan American Union. LibrarycTNJdDLC apremarc00aHE230.A1bW62 aWork Saving International.02aA guide to institutions in the Washington, D.C.-New York areabcontaining bibliographical references on transportation in Latin America. aWashington,bPan American Union,c1961. a108 p.c22 cm. 0aTransportationzLatin AmericavDirectories.